000 01054cam a22003617a 4500
003 CHAP
005 20220817043448.0
008 980819d1995 it a r 11 eng d
010 _a75913
011 _a76885
020 _a9251037590
035 _a86480
040 _cCHAP
082 _a630
_bF3 v.122
110 2 _aFAO
245 1 0 _aHarvesting of textile animal fibres
_c/by O. J. Petrie
260 _aRome :
_bFAO,
_c1995.
300 _a101 p. :
_bilus.
410 _aFAO
490 0 _aFAO. Servicios agrícolas
_v; 122
590 _aBATCH-UPD
_b10
_c20130110
_lUCH01
_h0531
590 _aBATCH-UPD
_b10
_c20130410
_lUCH01
_h0211
590 _aBATCH-UPD
_b10
_c20130914
_lUCH01
_h1344
590 _aCONVERSION
_b10
_c20130109
_lUCH01
_h1342
650 1 4 _aFibras textiles.
_940700
700 0 _aPetrie, O. J.
_987649
810 0 _aFAO
830 0 0 _aFAO. Servicios agrícolas
_v; 122
_939697
901 _aBK
905 _aLilia Sánchez G.
942 _cLIBRO
949 _a630 F3 v.122
_bBC
_cFAO
_d33724000698460
_eFAO1
_h93585
_i86480
_kDonaciØn
_sb
999 _c75913
_d75913